ბათუმის შოთა რუსთაველის სახელმწიფო უნივერსიტეტის ბიბლიოთეკა

ჩანაწერი Personal Name

ჩანაწერთა რაოდენობა, რომელიც გამოყენებულია: 1

001 - CONTROL NUMBER

  • control field: 26474

003 - CONTROL NUMBER IDENTIFIER

  • control field: GE_BSU

005 - DATE AND TIME OF LATEST TRANSACTION

  • control field: 20251211205710.0

008 - FIXED-LENGTH DATA ELEMENTS

  • fixed length control field: 251211|| aca||aabn | a|a d

040 ## - CATALOGING SOURCE

  • Original cataloging agency: GE_BSU
  • Transcribing agency: GE_BSU

100 ## - HEADING--PERSONAL NAME

  • Personal name: სეფიაშვილი, ნიკოლოზ
  • Relator term: ავტორი

670 ## - SOURCE DATA FOUND

  • Source citation: Work cat.: (GE_BSU): მამულია, გიორგი 16637, "თეთრი გიორგი"-ს იდეოლოგიურ-ორგანიზაციულ საწყისებთან. დოკუმენტები და მასალები პირადი არქივებიდან :